00894nam a2200229 a 450000500170000000800410001702000260005803700270008404000170011110000170012824501320014524600360027725000300031326000430034327000530038630000300043949000330046950400400050261000440054265000350058671000430062120100506135223.0080216s2008 ii bl 000 0 eng  a9878190367161c180.00 bBookwell Publications  adplbEngish  aNigam, Shalu aAbout your right to information (simplified) :balongwith latest decisions by Central Information Commission /cby Shalu Nigam. aAbout your right to information a2nd ed., rev. and updated aNew Delhi bWe the People Trustc2008. aPO Box 3123 Lodhi Road, HPO bNew Delhi e110003 aix, 236 p. ;c23 cm(pbk)  aFight for your rights series aIncludes bibliographical references aIndia.tRight to Information Act, 2005. aFreedom of informationzIndia. aWe the People Trust (New Delhi, India)